World History #1 - Britain - Statistics

General Stats
  • This quiz has been taken 79 times
  • The average score is 7 of 15
Answer Stats
Question Answer % Correct
How many countries make up the United Kingdom? 4
96%
What is the capital city of Wales? Cardiff
94%
What is the name of the largest Island in the British Isles? Great Britain
70%
What does the Cross on the flag of England represent? Saint George
70%
In which country does Shakespeare's 'Macbeth' take place? Scotland
69%
Which country launched a failed invasion of England in 1588? Spain
57%
In what year did Queen Victoria die? 1901
54%
In what year did England and Scotland sign the Act of Union? 1707
43%
Which constituent country of the UK is not represented in the national flag? Wales
37%
Which British royal was known for her famous 'Revenge Dress'? Princess Diana
30%
Which country engaged in an undeclared war against the UK in 1982? Argentina
22%
How many overseas territories does The UK currently hold? 14
19%
Who was the first King of England? Æthelstan
19%
Who founded the city of London? The Romans
19%
Which US state flag contains the Union Jack? Hawaii
13%
No matching quizzes found
Score Distribution
Percent of People with Each Score
Percentile by Number Answered
Your Score History
You have not taken this quiz